| 000 | 00400nam a22001457a 4500 | ||
|---|---|---|---|
| 008 | 140122b xxu||||| |||| 00| 0 eng d | ||
| 020 | _a9780142004456 | ||
| 050 | _aPZ4.C183V6 | ||
| 100 |
_aCamilleri, Andrea _96965 |
||
| 245 | _aVoice of the violin | ||
| 260 |
_aHarmondsworth _bPenguin Books _c2003 |
||
| 300 |
_a249p. _c20cm |
||
| 700 |
_aSartarelli, Stephen (tr) _96966 |
||
| 942 |
_2lcc _cMONOGRAPH |
||
| 999 |
_c119655 _d119655 |
||